Odlišnosti podnikateľských stratégií startup firiem ako podstata ich úspešnosti diplomová práca
Enregistré dans:
| Auteur principal: | |
|---|---|
| Collectivité auteur: | |
| Autres auteurs: | |
| Format: | Livre |
| Langue: | slovaque |
| Publié: |
Bratislava
2022
|
| Tags: |
Pas de tags, Soyez le premier à ajouter un tag!
|
MARC
| LEADER | 00000nbm a2200000 4500 | ||
|---|---|---|---|
| 001 | 0284139 | ||
| 005 | 20221202104046.9 | ||
| 041 | 0 | |a slo | |
| 044 | |a SK | ||
| 245 | 1 | 0 | |a Odlišnosti podnikateľských stratégií startup firiem ako podstata ich úspešnosti |b diplomová práca |c Ján Ňurc ; školiteľ: Otília Zorkóciová |
| 264 | 1 | |a Bratislava |c 2022 | |
| 300 | |a 75 s. | ||
| 100 | 1 | |a Ňurc, Ján | |
| 700 | 1 | |a Zorkóciová, Otília, 1954- | |
| 710 | 2 | |a Obchodná fakulta EU. Katedra medzinárodného obchodu | |